| 000 | 00000nam 2200000zi 4500 |
| 001 | 9.954288 |
| 003 | CaOODSP |
| 005 | 20250917111704 |
| 006 | m o d f |
| 007 | cr mn||||||||| |
| 008 | 250820e20250820onc obs f000 0 fre d |
| 040 | |aCaOODSP|bfre|erda|cCaOODSP |
| 043 | |an-cn--- |
| 086 | 1 |aCS82-003/2025-8-2F-PDF |
| 100 | 1 |aGondro, Juliana Valeria, |eauteur. |
| 245 | 10|aCaractéristiques relatives à l’évitement d’obtention de soins buccodentaires en raison du coût parmi les personnes admissibles au Régime canadien de soins dentaires au Canada / |cpar Juliana Valeria Gondro, Monica Emode, Dana Ivancevic, Janine Clarke, Kayla Ortlieb, et Julie Farmer. |
| 264 | 1|a[Ottawa] : |bStatistique Canada = Statistics Canada, |c20 août 2025. |
| 264 | 4|c©2025 |
| 300 | |a1 ressource en ligne (pages 18-31). |
| 336 | |atexte|btxt|2rdacontent/fre |
| 337 | |ainformatique|bc|2rdamedia/fre |
| 338 | |aressource en ligne|bcr|2rdacarrier/fre |
| 490 | 1 |aRapports sur la santé, |x1209-1375 ; |vvol. 36, n° 8, [2] |
| 500 | |aPublié aussi en anglais sous le titre : Characteristics of cost-related avoidance of oral health services among people in Canada eligible for the Canadian Dental Care Plan. |
| 500 | |a« N° 82‑003‑X au catalogue. » |
| 500 | |a« Article de recherche. » |
| 504 | |aComprend des références bibliographiques (pages 30-31). |
| 520 | 3 |a« Le coût et l’absence de couverture d’assurance dentaire constituent des obstacles majeurs à l’accès aux soins dentaires au Canada. La présente étude vise à estimer la prévalence de l’évitement d’obtention de soins buccodentaires en raison du coût parmi un échantillon représentatif à l’échelle nationale de personnes au Canada âgées de 12 ans et plus qui pourraient être admissibles au Régime canadien de soins dentaires (RCSD), ainsi qu’à examiner les caractéristiques relatives à l’évitement » -- Résumé, page 18. |
| 650 | 6|aSoins dentaires|zCanada|vStatistiques. |
| 650 | 6|aSoins dentaires|xCoût|zCanada. |
| 650 | 6|aAssurance dentaire|zCanada|vStatistiques. |
| 655 | 7|aStatistiques|2rvmgf |
| 710 | 2 |aStatistique Canada, |eorganisme de publication. |
| 775 | 08|tCharacteristics of cost-related avoidance of oral health services among people in Canada eligible for the Canadian Dental Care Plan / |w(CaOODSP)9.954286 |
| 830 | #0|aRapports sur la santé (Collection)|vvol. 36, n° 8, [2].|w(CaOODSP)9.950257 |
| 856 | 40|qPDF|s830 Ko|uhttps://publications.gc.ca/collections/collection_2025/statcan/82-003-x/CS82-003-2025-8-2-fra.pdf |
| 856 | 4 |qHTML|sS.O.|uhttps://www.doi.org/10.25318/82-003-x202500800002-fra |